[Event "7ème édition de l'open A de Provence"]
[Site "Salon de Provence"]
[Date "2016.07.09"]
[Round "6.11"]
[White "Wilfert, Fabrice"]
[Black "Gamblin, Thibaut"]
[Result "0-1"]
[WhiteElo "1856"]
[BlackElo "1681"]
[PlyCount "62"]
[EventDate "2016.??.??"]
[WhiteTeam "Cheval Marin d'Istres-Fos"]
[BlackTeam "Marseille Echecs"]

1. e4 e5 2. Nc3 Nf6 3. Bc4 Nc6 4. d3 Bb4 5. Bg5 Bxc3+ 6. bxc3 Na5 7. Bb3 Nxb3
8. axb3 d5 9. Ra5 c6 10. Qa1 h6 11. Bh4 b6 12. Rxa7 Rxa7 13. Qxa7 g5 14. Bg3
dxe4 15. Ke2 exd3+ 16. cxd3 e4 17. d4 Nd5 18. Kd2 O-O 19. Ne2 Bg4 20. Re1 Qa8
21. Qxa8 Rxa8 22. c4 Ra2+ 23. Kc1 Nb4 24. f3 exf3 25. gxf3 Bxf3 26. Ng1 Bh5 27.
Nh3 Rc2+ 28. Kb1 Bg6 29. Re8+ Kh7 30. Be5 Bd3 31. Nf4 gxf4 0-1

[Event "7ème édition de l'open A de Provence"]
[Site "Salon de Provence"]
[Date "2016.07.09"]
[Round "6.12"]
[White "Couderc, Christophe"]
[Black "Bohli, Adam"]
[Result "1-0"]
[WhiteElo "1978"]
[BlackElo "1650"]
[PlyCount "29"]
[EventDate "2016.??.??"]
[WhiteTeam "Salon Nostradamus"]
[BlackTeam "Marseille Echecs"]

1. d4 d5 2. c4 Nc6 3. cxd5 Qxd5 4. Nf3 Bg4 5. Nc3 Qh5 6. Qa4 Bxf3 7. exf3 e6 8.
Bb5 Nge7 9. O-O O-O-O 10. Be3 a6 11. Be2 Nd5 12. Nxd5 Rxd5 13. Bxa6 Ra5 14.
Qxc6 bxa6 15. Rac1 1-0

[Event "7ème édition de l'open A de Provence"]
[Site "Salon de Provence"]
[Date "2016.07.09"]
[Round "6.13"]
[White "Gamblin, Antoine"]
[Black "Ammar, Sedrani"]
[Result "1/2-1/2"]
[WhiteElo "1633"]
[BlackElo "1818"]
[PlyCount "60"]
[EventDate "2016.??.??"]
[WhiteTeam "Marseille Echecs"]

1. e4 c5 2. Nf3 Nc6 3. d4 cxd4 4. Nxd4 Nf6 5. Nc3 e5 6. Ndb5 d6 7. Nd5 Nxd5 8.
exd5 Ne7 9. c3 Ng6 10. Qa4 Bd7 11. Qb4 Bxb5 12. Bxb5+ Ke7 13. O-O f6 14. f4 Kf7
15. Bd3 Qc8 16. f5 Nf4 17. Bxf4 exf4 18. Rxf4 Be7 19. Re1 Re8 20. Bb5 Rd8 21.
Rfe4 Bf8 22. Re6 Kg8 23. Ba4 b5 24. Bc2 Qb7 25. Qd4 a5 26. a3 Rac8 27. Bb3 Rb8
28. R1e4 Rdc8 29. Qd2 Qa7+ 30. Qd4 Qf7 1/2-1/2

[Event "7ème édition de l'open A de Provence"]
[Site "Salon de Provence"]
[Date "2016.07.09"]
[Round "6.14"]
[White "Piat, Jean-Pascal"]
[Black "Mars, Fiona"]
[Result "1-0"]
[WhiteElo "1758"]
[BlackElo "1706"]
[PlyCount "117"]
[EventDate "2016.??.??"]
[WhiteTeam "Cheval Marin d'Istres-Fos"]
[BlackTeam "CE Vitrolles"]

1. d4 Nf6 2. Nc3 g6 3. e4 d6 4. h3 Bg7 5. Be3 O-O 6. Qd2 Re8 7. Nge2 Nbd7 8. g4
e5 9. d5 b5 10. Ng3 b4 11. Nd1 Nc5 12. Qxb4 a5 13. Qd2 Ncxe4 14. Nxe4 Nxe4 15.
Qc1 Bb7 16. Bb5 Rf8 17. c4 Ba6 18. Nc3 Nxc3 19. Qxc3 Bxb5 20. cxb5 Qb8 21. a4
Qb7 22. Qd2 f5 23. f3 f4 24. Bf2 Rae8 25. O-O e4 26. fxe4 Rxe4 27. Rfe1 Rb4 28.
Ra2 f3 29. Qd3 Qc8 30. Re4 Rxe4 31. Qxe4 Be5 32. Kf1 Qe8 33. b3 Rf4 34. Qd3 Bg7
35. Bg3 Rf8 36. Rf2 Qf7 37. Qe4 Qf6 38. Qe6+ Rf7 39. Qxf6 Rxf6 40. Rd2 Bh6 41.
Rd3 Bc1 42. Kf2 Ba3 43. Rxf3 Bc5+ 44. Ke2 Kf7 45. Rxf6+ Kxf6 46. Kd3 h5 47.
Bh4+ Ke5 48. Kc4 hxg4 49. hxg4 Kf4 50. g5 Kg4 51. Be1 Bb6 52. Bd2 Kf5 53. b4
axb4 54. Kxb4 Ke5 55. Kc4 Ke4 56. Bc3 Kf5 57. a5 Ba7 58. Bf6 Bb8 59. Bd8 1-0

[Event "7ème édition de l'open A de Provence"]
[Site "Salon de Provence"]
[Date "2016.07.09"]
[Round "6.15"]
[White "Salvi, Michel"]
[Black "Sanchez, Frederic"]
[Result "1-0"]
[WhiteElo "1721"]
[BlackElo "1732"]
[PlyCount "37"]
[EventDate "2016.??.??"]
[WhiteTeam "Cercle d'Echecs Aubagnais"]
[BlackTeam "Salon Nostradamus"]

1. e4 c6 2. d4 d5 3. Nc3 dxe4 4. Nxe4 Bf5 5. Ng3 Bg6 6. h4 h6 7. Nh3 Nf6 8. Nf4
Bh7 9. Be3 e6 10. Bd3 Bxd3 11. Qxd3 Bd6 12. O-O-O Qc7 13. Ngh5 Nxh5 14. Nxh5
Rg8 15. Qh7 Kf8 16. Nf6 gxf6 17. Bxh6+ Ke7 18. Qxg8 Qa5 19. Bf8+ 1-0

[Event "7ème édition de l'open A de Provence"]
[Site "Salon de Provence"]
[Date "2016.07.09"]
[Round "6.16"]
[White "Graille, Sebastien"]
[Black "Girard, Jean-Pierre"]
[Result "0-1"]
[WhiteElo "1781"]
[BlackElo "1787"]
[PlyCount "78"]
[EventDate "2016.??.??"]
[WhiteTeam "Club Provence Echecs"]
[BlackTeam "CE Vitrolles"]

1. c4 Nf6 2. Nc3 e6 3. e4 d6 4. d4 Be7 5. f4 c5 6. Nf3 cxd4 7. Nxd4 Nc6 8. Be3
Nxd4 9. Qxd4 O-O 10. Be2 b6 11. Bf3 Bb7 12. O-O Rc8 13. Rad1 Qc7 14. b3 Rcd8
15. Nb5 Qb8 16. Qd3 a6 17. Nc3 Nd7 18. Na4 Qc7 19. Nc3 Nc5 20. Qc2 Rc8 21. Rd2
Bf6 22. Bxc5 Qxc5+ 23. Kh1 Be7 24. e5 Bxf3 25. Rxf3 dxe5 26. Ne4 Qa5 27. Rh3 f5
28. Nc3 Rcd8 29. Re2 e4 30. Rhe3 Rd4 31. Qb2 Rfd8 32. h3 Bb4 33. Kh2 Qc5 34.
Na4 Qd6 35. Rg3 g6 36. Rge3 Qxf4+ 37. g3 Qf1 38. Rf2 Rd2 39. Ree2 Rxb2 0-1

[Event "7ème édition de l'open A de Provence"]
[Site "Salon de Provence"]
[Date "2016.07.09"]
[Round "6.17"]
[White "Benezra, Esther"]
[Black "Quet, Jean-Francois"]
[Result "1-0"]
[WhiteElo "1575"]
[BlackElo "1730"]
[PlyCount "139"]
[EventDate "2016.??.??"]
[WhiteTeam "L'Echiquier du Roy René"]
[BlackTeam "ASPTT Marseille"]

1. e4 c6 2. d4 d5 3. exd5 cxd5 4. Bd3 Nc6 5. c3 Nf6 6. h3 g6 7. Nf3 Bg7 8. O-O
O-O 9. Re1 Qc7 10. Nbd2 Nh5 11. Nf1 Nf4 12. Bxf4 Qxf4 13. Qb3 Rd8 14. Ne3 e6
15. Rad1 Bd7 16. Ng4 Na5 17. Qc2 Rac8 18. Nge5 Be8 19. Qe2 f6 20. Ng4 h5 21.
Ngh2 Bf7 22. g3 Qc7 23. Nh4 f5 24. N4f3 Bf6 25. Ne5 Re8 26. Nhf3 Nc6 27. Qe3
Qe7 28. g4 Bxe5 29. Nxe5 Qf6 30. gxh5 gxh5 31. Bb5 Kh7 32. Kh2 a6 33. Bxc6 bxc6
34. Rg1 Rg8 35. Rxg8 Rxg8 36. Nxc6 f4 37. Qf3 Qg5 38. Ne5 Be8 39. Qh1 Bb5 40.
Rg1 Qxg1+ 41. Qxg1 Rxg1 42. Kxg1 Kg7 43. h4 Kf6 44. f3 a5 45. Kf2 a4 46. b3
axb3 47. axb3 Be8 48. c4 dxc4 49. bxc4 Ba4 50. c5 Bb3 51. c6 Bd5 52. c7 Bb7 53.
Nc4 Ba6 54. Nb6 e5 55. dxe5+ Kxe5 56. c8=Q Bxc8 57. Nxc8 Ke6 58. Ke2 Kd7 59.
Kd3 Kxc8 60. Ke4 Kd7 61. Kxf4 Ke6 62. Kg5 Kf7 63. Kxh5 Kf6 64. Kg4 Kg6 65. f4
Kh6 66. Kf5 Kh5 67. Ke6 Kxh4 68. f5 Kg5 69. f6 Kg6 70. Ke7 1-0

[Event "7ème édition de l'open A de Provence"]
[Site "Salon de Provence"]
[Date "2016.07.09"]
[Round "6.18"]
[White "Mohamed Saeed Laily"]
[Black "Ouahhoud, Yassine"]
[Result "0-1"]
[WhiteElo "1589"]
[BlackElo "1714"]
[PlyCount "104"]
[EventDate "2016.??.??"]
[BlackTeam "Marseille Echecs"]

1. d4 Nf6 2. c4 c5 3. d5 e6 4. Nc3 exd5 5. cxd5 d6 6. e4 g6 7. Be2 Bg7 8. Nf3
O-O 9. Nd2 Re8 10. O-O b6 11. Qc2 Ba6 12. Bxa6 Nxa6 13. Nc4 Rb8 14. a4 Nb4 15.
Qb1 a6 16. Bf4 Bf8 17. h3 b5 18. Na3 Qb6 19. axb5 axb5 20. Naxb5 Nxe4 21. Nxe4
Rxe4 22. Qxe4 Qxb5 23. Rfd1 Re8 24. Qf3 Nc2 25. Rab1 Nd4 26. Qg4 h5 27. Qh4 Re4
28. Rxd4 Rxd4 29. Qf6 Rxd5 30. Qd8 Qe2 31. Bh6 Qe7 32. Qa8 Re5 33. Ra1 Qe8 34.
Qxe8 Rxe8 35. Bxf8 Kxf8 36. Rd1 Ke7 37. Kh2 Kd7 38. Rd2 Kc6 39. Kg3 Re4 40. Kf3
d5 41. g4 h4 42. Kg2 g5 43. f3 Re5 44. Kf2 d4 45. Rc2 Kb5 46. Rd2 Kb4 47. Kf1
Kb3 48. Kf2 Re3 49. Kg2 d3 50. Kf2 Re2+ 51. Rxe2 dxe2 52. Kxe2 c4 0-1

[Event "7ème édition de l'open A de Provence"]
[Site "Salon de Provence"]
[Date "2016.07.09"]
[Round "6.19"]
[White "Colandrea, Sauveur"]
[Black "Jackson, Edgar"]
[Result "0-1"]
[WhiteElo "1758"]
[BlackElo "1723"]
[PlyCount "94"]
[EventDate "2016.??.??"]
[WhiteTeam "Puy Ste Réparade"]
[BlackTeam "Gondrin Echecs Loisirs"]

1. d4 Nf6 2. c4 e6 3. Nf3 b6 4. g3 Bb7 5. Bg2 c5 6. d5 exd5 7. Nh4 g6 8. O-O
Bg7 9. Nc3 O-O 10. cxd5 d6 11. Nf3 Re8 12. Ne1 Ba6 13. Nc2 b5 14. a4 b4 15. Nb5
Bxb5 16. axb5 Qb6 17. Qd3 Ng4 18. e4 Ne5 19. Qe2 a5 20. bxa6 Rxa6 21. Be3 Rxa1
22. Rxa1 Qc7 23. Ne1 Ned7 24. Qc2 Nb6 25. Qb3 N8d7 26. h3 Ne5 27. f4 Nec4 28.
Bc1 Kh8 29. Nd3 f5 30. e5 dxe5 31. fxe5 Nxe5 32. Bf4 Qc8 33. Nxe5 Bxe5 34.
Bxe5+ Rxe5 35. d6 Qd7 36. Rd1 Re6 37. Qd3 Nc8 38. Qa6 Rxd6 39. Rxd6 Nxd6 40. b3
Ne4 41. Qa8+ Kg7 42. Bxe4 fxe4 43. Qxe4 Qd4+ 44. Qxd4+ cxd4 45. Kf2 Kf6 46. Ke2
g5 47. Kd3 Ke5 0-1